| 000 -LEADER |
| fixed length control field |
00451pab a2200169 454500 |
| 008 - FIXED-LENGTH DATA ELEMENTS--GENERAL INFORMATION |
| fixed length control field |
180718b2017 xxu||||| |||| 00| 0 eng d |
| 100 ## - MAIN ENTRY--PERSONAL NAME |
| Personal name |
Kaur, Ravneet |
| 245 ## - TITLE STATEMENT |
| Title |
Desertion of NRI married women: a case study of Punjab |
| 260 ## - PUBLICATION, DISTRIBUTION, ETC. |
| Date of publication, distribution, etc. |
2017 |
| 300 ## - PHYSICAL DESCRIPTION |
| Extent |
p.103-124. |
| 362 ## - DATES OF PUBLICATION AND/OR SEQUENTIAL DESIGNATION |
| Dates of publication and/or sequential designation |
Jun |
| 650 ## - SUBJECT ADDED ENTRY--TOPICAL TERM |
| Topical term or geographic name entry element |
Married women - India - Punjab |
| 650 ## - SUBJECT ADDED ENTRY--TOPICAL TERM |
| Topical term or geographic name entry element |
Non resident Indians |
| 650 ## - SUBJECT ADDED ENTRY--TOPICAL TERM |
| Topical term or geographic name entry element |
Married women |
| 773 ## - HOST ITEM ENTRY |
| Main entry heading |
Man and Development |
| 909 ## - |
| -- |
115380 |